Requerimientos de clima y suelo: chacras y hortalizas

Uloženo v:
Podrobná bibliografie
Korporativní autor: Centro de Información de Recursos Naturales (Autor)
Médium: Kniha
Jazyk:španělština
Vydáno: Santiago CIREN 1989
Edice:Publicación Ciren, 85
Témata:
Tagy: Přidat tag
Žádné tagy, Buďte první, kdo vytvoří štítek k tomuto záznamu!

MARC

LEADER 00000nam a2200000 a 4500
001 UCP4067
003 CL-VaPUC
008 990724e19890000CL |||||||||||||||||spa|d
082 0 4 |a 635.04  |b CEN  |2 21 
110 2 |a Centro de Información de Recursos Naturales  |e author  |9 431464 
245 1 0 |a Requerimientos de clima y suelo: chacras y hortalizas 
300 |a 63 p 
942 |c BK 
945 |d 19990724 00:00:00  |a rbrito 
260 |a Santiago  |b CIREN  |c 1989 
650 0 |a Hortalizas  |9 259501 
650 0 |a Cultivo  |9 264268 
650 0 |a Clima  |9 265281 
650 7 |a SUELO  |2 CL-VaPUC  |9 348469 
650 7 |a SALINIDAD  |2 CL-VaPUC  |9 263023 
650 0 |a Riego  |9 259685 
583 |a last modification  |c 20130410 05:12:45  |k Rodrigo Vera 
490 0 |a Publicación Ciren, 85 
999 |c 282146  |d 282144 
952 |0 0  |1 0  |4 0  |6 635_040000000000000_CEN_1989  |7 0  |8 A  |9 323611  |a BIBAGR  |b BIBAGR  |d 2019-11-20  |i 3539679  |o 635.04 CEN 1989  |p 3539679  |r 2025-01-20  |w 2019-11-20  |y BK  |k AGR 
952 |0 0  |1 0  |4 0  |6 635_040000000000000_CEN_1989  |7 0  |8 A  |9 323612  |a BIBAGR  |b BIBAGR  |d 2019-11-20  |i 3539695  |o 635.04 CEN 1989  |p 3539695  |r 2025-01-20  |w 2019-11-20  |y BK  |k AGR 
952 |0 0  |1 0  |4 0  |6 635_040000000000000_CEN_1989  |7 0  |8 A  |9 323613  |a BIBAGR  |b BIBAGR  |d 2019-11-20  |i 3539709  |o 635.04 CEN 1989  |p 3539709  |r 2025-01-20  |w 2019-11-20  |y BK  |k AGR